घरचा वैद्य (Record no. 383026)
[ view plain ]
| 000 -LEADER | |
|---|---|
| fixed length control field | 00666nam a2200229Ia 4500 |
| 003 - CONTROL NUMBER IDENTIFIER | |
| control field | OSt |
| 005 - DATE AND TIME OF LATEST TRANSACTION | |
| control field | 20220923230155.0 |
| 008 - FIXED-LENGTH DATA ELEMENTS--GENERAL INFORMATION | |
| fixed length control field | 220922b |||||||| |||| 00| 0 mar d |
| 037 ## - SOURCE OF ACQUISITION | |
| Terms of availability | Textual |
| 040 ## - CATALOGING SOURCE | |
| Original cataloging agency | ARTS |
| Transcribing agency | ARTS |
| Language of cataloging | mar |
| 041 ## - LANGUAGE CODE | |
| Source of code | mar |
| Language code of text/sound track or separate title | mar |
| 100 ## - MAIN ENTRY--PERSONAL NAME | |
| Personal name | निपुणगे, सावित्रीदेवी |
| 9 (RLIN) | 156854 |
| 245 #0 - TITLE STATEMENT | |
| Title | घरचा वैद्य |
| 246 ## - VARYING FORM OF TITLE | |
| Title proper/short title | Gharachā vaidya |
| 260 ## - PUBLICATION, DISTRIBUTION, ETC. | |
| Date of publication, distribution, etc. | 1961 |
| 942 ## - ADDED ENTRY ELEMENTS (KOHA) | |
| Classification part | LB:4:6, 155K1 |
| Koha item type | Textual |
| Source of classification or shelving scheme | Colon Classification (CC) |
| Withdrawn status | Lost status | Damaged status | Not for loan | Home library | Current library | Date acquired | Total Checkouts | Full call number | Barcode | Date last seen | Price effective from | Koha item type |
|---|---|---|---|---|---|---|---|---|---|---|---|---|
| Arts Library | Arts Library | 2022-09-23 | LB:4:6 155K1 | AL0191466 | 2022-09-23 | 2022-09-23 | Textual |
